000 01272nam a22003377a 4500
999 _c64086
_d64086
005 20240530110714.0
008 180213s2015 ua a g 000 0 ara d
017 _a2015/5909
_bمصر. دار الكتب
020 _a9789773223540
040 _aEG-CaGPL
_cEG-CaGPL
082 0 4 _221
_a953.04/
_bى د
100 0 _aيونج
245 1 2 _aالدين والتعليم والعلم فى العصر العباسى /
_cتحرير يونج ، ولاثام ، وسيرجنت .
250 _aط. 1
260 _aالقاهرة :
_bعين للدراسات و البحوث الانسانية و الاجتماعية،
_c2015.
300 _a627 ص. ؛
_c24 سم.
600 0 _aالفرابى
600 0 _aالغزالى
650 0 7 _2qrmak
_aعلم الكلام
650 0 7 _2qrmak
_aالتنجيم
650 0 7 _2qrmak
_aالفلك
650 0 7 _2qrmak
_aالقران
_xتفسير
650 0 7 _2qrmak
_aالحضارة الاسلامية
650 0 7 _2qrmak
_aالادب اليهودى
651 _2qrmak
700 0 _aولاثام
_eمحرر مشارك
700 0 _aوسيرجنت
_eمحرر مشارك
700 0 _aقاسم عبده قاسم
_eمترجم ومقدم ومعلق
942 _2ddc
_cBK